LEADER 00993nam0-22002891i-450- 001 990000148200403321 035 $a000014820 035 $aFED01000014820 035 $a(Aleph)000014820FED01 035 $a000014820 100 $a20011111d--------km-y0itay50------ba 101 0 $aita 105 $ay-------001yy 200 1 $aPer l'inchiesta sul Ministero della Pubblica Istruzione$ediscorso tenuto dal ministro Rava al Senato del Regno nellatornata del 20 marzo 1908. 210 $aRoma$cTipografia operaia romana cooperativa$d1908 215 $a19 p.$d27 cm 300 $aEstr. da: Bollettino Ufficiale, n. 20 del 14 maggio 1908. 702 1$aRava,$bLuigi 710 02$aItalia.$bMinistero della pubblica istruzione$0354240 801 0$aIT$bUNINA$gRICA$2UNIMARC 901 $aBK 912 $a990000148200403321 952 $a13 MISC 402 14$b10750$fFINBC 959 $aFINBC 996 $aPer l'inchiesta sul Ministero della Pubblica Istruzione$9120758 997 $aUNINA DB $aING01 LEADER 01353nam1 2200349 i 450 001 SUN0011407 005 20140702122657.280 010 $a88-02-04736-7$d0.00 020 $aIT$b94 1909 100 $a20030122d1993 |0itac50 ba 101 $aita 102 $aIT 105 $a|||| ||||| 200 1 $aˆIl ‰contratto di agenzia, la mediazione$fGiacomo Giordano, Domenico Iannelli, Giuseppe Santoro 205 $a2. ed 210 $aTorino$cUTET$d[1993] 215 $a2 volumi$d25 cm. 410 1$1001SUN0003607$12001 $aGiurisprudenza sistematica di diritto civile e commerciale$ffondata da Walter Bigiavi$1210 $aTorino$cUtet. 463 \1$1001SUN0030301$12001 $a<>contratto di agenzia, la mediazione 2 463 \1$1001SUN0030302$12001 $a<>contratto di agenzia, la mediazione 1 606 $aContratto di agenzia$xGiurisprudenza$2FI$3SUNC006158 606 $aMediazioni$xGiurisprudenza$2FI$3SUNC006159 620 $dTorino$3SUNL000001 676 $a346.4502902648$v21 700 1$aGiordano$b, Giacomo$3SUNV008591$0229258 701 1$aIannelli$b, Domenico$f1938- $3SUNV002571$0495542 701 1$aSantoro$b, Giuseppe$3SUNV008592$0229096 712 $aUTET$3SUNV000072$4650 801 $aIT$bSOL$c20181109$gRICA 912 $aSUN0011407 996 $aContratto di agenzia, la mediazione$91406536 997 $aUNICAMPANIA LEADER 00935nam a2200241 i 4500 001 991000434979707536 005 20020506130436.0 008 000908s1962 uk ||| | eng 035 $ab10699934-39ule_inst 035 $aEXGIL145426$9ExL 040 $aBiblioteca Interfacoltà$bita 082 0 $a823.8 100 1 $aHardy, Thomas$0142510 245 14$aThe trumpet-major :$bJohn Loveday, a soldier in the war with Buonaparte, and Robert his brother, first mate in the merchant service :$ba tale /$cThomas Hardy 260 $aLondon :$bMacmillan,$c1962 300 $aVIII, 371 p. ;$c17 cm. 440 4$aThe works of Thomas Hardy 907 $a.b10699934$b02-04-14$c28-06-02 912 $a991000434979707536 945 $aLE002 In. II L 17$g1$i2002000920768$lle002$o-$pE0.00$q-$rl$s- $t0$u0$v0$w0$x0$y.i10794888$z28-06-02 996 $aTrumpet-Major$999902 997 $aUNISALENTO 998 $ale002$b01-01-00$cm$da $e-$feng$guk $h4$i1